| 000 | 00461nam a2200157Ia 4500 | ||
|---|---|---|---|
| 003 | OSt | ||
| 005 | 20200810150300.0 | ||
| 008 | 190216s9999||||xx |||||||||||||| ||und|| | ||
| 040 | _coclc | ||
| 082 |
_a001.42 _bVEN/R |
||
| 100 | 1 |
_aVenugopalan, K. _9874 |
|
| 245 | 0 |
_aResearch Methodology / _cK Venugopalan |
|
| 260 |
_bCalicut University Publications, _aCalicut: _c2004. |
||
| 300 | _a279p | ||
| 942 |
_cBK _2ddc _h001.42 _iVEN/R _k001.42 _mVEN/R |
||
| 999 |
_c7383 _d7383 |
||